000 00412nam a22001577a 4500
003 LK-CoDNM
005 20240816114717.0
008 240816b |||||||| |||| 00| 0 eng d
040 _aLK-CoDNM
_dLK-CoDNM
_eLK-CoDNM
080 _a9
_bR23
100 _aDESHMUKH P. S
245 _aRELIGION IN VEDIC LITERAURE
260 _aLONDON
_bOXFORD UNIVERSITY PRESS
_c1933
300 _aXV, 378P. ; 23 CM
942 _cBK
999 _c148187
_d148187